书目信息 |
| 题名: |
AutoCAD地图制图与系统开发
|
|
| 作者: | 周卫 编著 | |
| 分册: | ||
| 出版信息: | 北京 科学出版社 2008.12 |
|
| 页数: | 393页 | |
| 开本: | 24cm | |
| 丛书名: | ||
| 单 册: | ||
| 中图分类: | P283.7 | |
| 科图分类: | ||
| 主题词: | 地图制图自动化--AutoCAD软件 , 地图制图自动化 , AutoCAD软件 | |
| 电子资源: | ||
| ISBN: | 978-7-03-022073-8 | |
| 000 | 00846nam0 2200265 450 | |
| 001 | 012004307044 | |
| 005 | 20091208153000.42 | |
| 010 | @a978-7-03-022073-8@dCNY42.00(含光盘) | |
| 100 | @a20090114d2008 em y0chiy0110 ea | |
| 101 | 0 | @achi |
| 102 | @aCN@b110000 | |
| 105 | @aa z 000yy | |
| 106 | @ar | |
| 200 | 1 | @aAutoCAD地图制图与系统开发@9AutoCAD di tu zhi tu yu xi tong kai fa@f周卫[等]编著 |
| 210 | @a北京@c科学出版社@d2008.12 | |
| 215 | @a393页@c图@d24cm@e1光盘 | |
| 307 | @a附光盘:ISBN 978-7-900249-76-0 | |
| 330 | @a本书结合测绘与地图制图,阐述了AutoCAD 2007的使用、定制与开发的原理、技术和方法。 | |
| 606 | 0 | @a地图制图自动化@xAutoCAD软件 |
| 606 | 0 | @a地图制图自动化 |
| 606 | 0 | @aAutoCAD软件 |
| 690 | @aP283.7@v4 | |
| 701 | 0 | @a周卫@9zhou wei@4编著 |
| 801 | 0 | @aCN@bNLC@c20091208 |
| 905 | @b20796124-28@dP283.7@e184@f5 | |
| AutoCAD地图制图与系统开发/周卫[等]编著.-北京:科学出版社,2008.12 |
| 393页:图;24cm+1光盘 |
| ISBN 978-7-03-022073-8:CNY42.00(含光盘) |
| 本书结合测绘与地图制图,阐述了AutoCAD 2007的使用、定制与开发的原理、技术和方法。 |
| ● |
| 相关链接 |
|
|
|
|
正题名:AutoCAD地图制图与系统开发
索取号:P283.7/184
 
预约/预借
| 序号 | 登录号 | 条形码 | 馆藏地/架位号 | 状态 | 备注 |
| 1 | 796124 | 207961240 | 第二样本阅览室/ [索取号:P283.7/184] | 在馆 | |
| 2 | 796125 | 207961259 | 第三借阅区/ [索取号:P283.7/184] | 在馆 | |
| 3 | 796126 | 207961268 | 第三借阅区/ [索取号:P283.7/184] | 在馆 | |
| 4 | 796127 | 207961277 | 第三借阅区/ [索取号:P283.7/184] | 在馆 | |
| 5 | 796128 | 207961286 | 第三借阅区/ [索取号:P283.7/184] | 在馆 |